01029nam a2200277 a 450000100060000000300080000600500170001400800410003103500190007204000330009104100080012408200260013210000460015824501060020425000110031026000550032130000190037649000400039550000190043565000260045470000410048083000480052194200120056999900170058195201530059860045BD-RjUL20211209080810.0161228s1964 enk 000 0 eng  a(BD-RjUL)60169 aDLCcCarPdDLCdBD-RjULbeng aeng 223a336.014bDRF 19641 aDrummond, J. M.q(Joseph Marnach)917868314aThe finance of local government :bEngland and Wales /cby J. M. Drummond, rev. ed. W. A. C. Kitching a2d ed. aLondon :bG. Allen & Unwinc1962 [Impression 1964] a256 p.c23 cm. aThe new town and county hall series aIncludes Index 0aLocal finance9178684 aKitching, W. A. C. rev. ed. 9178685 aThe new town and county hall series9179587 2ddccBK c60045d60045 00102ddc40718NFICaRUCLbRUCLcReadingd2016-12-28eSweets and Zeithlingerg25.00l0o336.014 DRF 1964r2016-12-28 00:00:00tC-1w2021-12-09yBK